[Event "I Miedzynarodowy Memorial Ireny Warakoms"]
[Site "Suwalki"]
[Date "2017.08.11"]
[Round "1.1"]
[White "Zielinski, Konrad"]
[Black "Kruszynski, Lukasz"]
[Result "1-0"]
[WhiteElo "1573"]
[BlackElo "1308"]
[PlyCount "37"]
[EventDate "2017.??.??"]

1. e4 c5 2. d4 cxd4 3. c3 dxc3 4. Nxc3 e6 5. Bc4 d6 6. Nf3 Nf6 7. Qe2 Be7 8.
O-O O-O 9. Rd1 Nbd7 10. Bf4 a6 11. Bxd6 Bxd6 12. Rxd6 Qe7 13. Rad1 b5 14. Bb3
e5 15. R6d2 Bb7 16. Nd5 Bxd5 17. Bxd5 Nxd5 18. Rxd5 Rfd8 19. Qd2 1-0

[Event "I Miedzynarodowy Memorial Ireny Warakoms"]
[Site "Suwalki"]
[Date "2017.08.11"]
[Round "1.3"]
[White "Sadlak, Rafal"]
[Black "Czarniecki, Pawel"]
[Result "1-0"]
[WhiteElo "1545"]
[BlackElo "1290"]
[PlyCount "43"]
[EventDate "2017.??.??"]

1. e4 c5 2. d4 cxd4 3. Nf3 e6 4. Nxd4 a6 5. Bc4 b5 6. Bb3 Qc7 7. O-O Bb7 8. Re1
d6 9. Qh5 g6 10. Qf3 Bg7 11. Qd3 Nf6 12. a4 b4 13. Bd2 a5 14. Nb5 Qd7 15. Nxd6+
Ke7 16. e5 Ng4 17. Bg5+ f6 18. exf6+ Bxf6 19. Rxe6+ Qxe6 20. Bxe6 Kxe6 21. Bxf6
Nxf6 22. Nxb7 1-0

[Event "I Miedzynarodowy Memorial Ireny Warakoms"]
[Site "Suwalki"]
[Date "2017.08.11"]
[Round "1.4"]
[White "Skrzypczynski, Dariusz"]
[Black "Jasinowicz, Waclaw"]
[Result "1-0"]
[WhiteElo "1275"]
[BlackElo "1526"]
[PlyCount "178"]
[EventDate "2017.??.??"]

1. e4 e5 2. Nf3 Nc6 3. Bb5 Nge7 4. O-O g6 5. b3 Bg7 6. Ba3 d6 7. Nc3 O-O 8. Rc1
a6 9. Be2 Kh8 10. Qe1 f5 11. d3 Bh6 12. Rd1 f4 13. d4 exd4 14. Nxd4 Nxd4 15.
Rxd4 Nc6 16. Rd1 f3 17. Bxf3 Rxf3 18. Nd5 Rf8 19. Bb2+ Bg7 20. Bxg7+ Kxg7 21.
f4 Ne7 22. Qc3+ Kg8 23. Nxc7 Rb8 24. Qc4+ d5 25. Nxd5 Nxd5 26. exd5 Qd6 27. Qd4
Bf5 28. c4 Rbc8 29. h3 Rfe8 30. Rfe1 Qb4 31. Re5 Bc2 32. Rde1 Qxe1+ 33. Rxe1
Rxe1+ 34. Kh2 Rce8 35. d6 Rd1 36. Qb6 Bf5 37. c5 Be4 38. Qb4 Bc6 39. Qc4+ Kf8
40. Qc3 Kf7 41. Qc4+ Bd5 42. Qc3 Re2 43. Kg3 Rf1 44. Qd4 Ke6 45. d7 Rxg2+ 46.
Kh4 g5+ 47. Kh5 Rxf4 48. Qxf4 gxf4 49. d8=Q Bc6 50. Qd6+ Kf5 51. Qd3+ Ke5 52.
Qd6+ Ke4 53. Qe6+ Kd3 54. Qc4+ Ke3 55. Qc3+ Kf2 56. Qd2+ Kg3 57. Qe1+ Kh2 58.
Qe5 Kg3 59. a4 Kf2 60. Qxf4+ Ke2 61. Kh6 Kd3 62. Kxh7 Be4+ 63. Kh8 Bc6 64. h4
Kc3 65. Qc4+ Kb2 66. Kh7 Rc2 67. Qb4 Rc3 68. Kg7 Rxb3 69. Qd4+ Ka3 70. a5 Rb4
71. Qa1+ Kb3 72. h5 Kc4 73. h6 Be4 74. h7 Bxh7 75. Kxh7 Kxc5 76. Qe5+ Kc4 77.
Qc7+ Kb3 78. Kg6 Rb5 79. Kf6 Ka4 80. Ke6 Kb4 81. Kd7 Ka4 82. Kc8 Kb4 83. Kb8
Ka4 84. Qc3 Rxa5 85. Kxb7 Rb5+ 86. Kxa6 Rb6+ 87. Ka7 Ra6+ 88. Kb8 Rb6+ 89. Kc7
Rb3 1-0

[Event "I Miedzynarodowy Memorial Ireny Warakoms"]
[Site "Suwalki"]
[Date "2017.08.11"]
[Round "1.5"]
[White "Verre, Gaetano"]
[Black "Budzisz, Adrian"]
[Result "1/2-1/2"]
[WhiteElo "1525"]
[BlackElo "1264"]
[PlyCount "66"]
[EventDate "2017.??.??"]

1. e4 e5 2. Nf3 d5 3. exd5 e4 4. Qe2 Nf6 5. d3 Qxd5 6. Nc3 Bb4 7. Bd2 Bxc3 8.
Bxc3 Nbd7 9. dxe4 Qxe4 10. Qxe4+ Nxe4 11. Bxg7 Rg8 12. Bd4 c5 13. Be3 b6 14. g3
Bb7 15. Bg2 O-O-O 16. O-O h5 17. Rad1 Nef6 18. Nd2 Nd5 19. Nc4 N7f6 20. h4 Ba6
21. b3 Nxe3 22. fxe3 Rxd1 23. Rxd1 Bxc4 24. bxc4 Rxg3 25. Kf2 Rg8 26. Bd5 Ng4+
27. Ke2 Ne5 28. Rf1 Rg4 29. Rf4 Rxf4 30. exf4 Ng6 31. Bxf7 Nxh4 32. Bxh5 Kd7
33. Ke3 Ke6 1/2-1/2

[Event "I Miedzynarodowy Memorial Ireny Warakoms"]
[Site "Suwalki"]
[Date "2017.08.11"]
[Round "1.6"]
[White "Kruszynski, Jacek"]
[Black "Plichta, Krzysztof"]
[Result "0-1"]
[WhiteElo "1263"]
[BlackElo "1519"]
[PlyCount "66"]
[EventDate "2017.??.??"]

1. e4 c6 2. d4 d5 3. Nd2 dxe4 4. Nxe4 Bf5 5. Ng3 Bg6 6. Nf3 Nd7 7. h4 h6 8. h5
Bh7 9. Bd3 Bxd3 10. Qxd3 e6 11. Bd2 Ngf6 12. O-O-O Qb6 13. Qe2 Bd6 14. Nf5 Bf8
15. Qe1 Qb5 16. Ng3 Bd6 17. Ne4 Nxe4 18. Qxe4 Nf6 19. Qh4 a5 20. g4 Qd5 21.
Bxh6 Rxh6 22. Ne5 Bxe5 23. dxe5 Qxe5 24. Rhe1 Qf4+ 25. Kb1 Rxh5 26. Qxh5 Nxh5
27. gxh5 Rd8 28. Rc1 Qxf2 29. Rg1 Kf8 30. Rcf1 Qd2 31. a3 Qh6 32. Rg6 Qxh5 33.
Rxe6 Rd1+ 0-1

[Event "I Miedzynarodowy Memorial Ireny Warakoms"]
[Site "Suwalki"]
[Date "2017.08.11"]
[Round "1.7"]
[White "Zukowski, Pawel"]
[Black "Bednarska, Julita"]
[Result "1/2-1/2"]
[WhiteElo "1502"]
[BlackElo "1260"]
[PlyCount "90"]
[EventDate "2017.??.??"]

1. e4 e5 2. Nf3 Nc6 3. Bc4 Bc5 4. c3 Nf6 5. d3 d6 6. O-O O-O 7. Bg5 h6 8. Bh4
g5 9. Bg3 Qe7 10. Nbd2 Kh7 11. Re1 Rg8 12. Nf1 h5 13. h3 h4 14. Bh2 Be6 15. Bb5
Qf8 16. d4 exd4 17. cxd4 Bb4 18. Re2 Ne7 19. e5 Nfd5 20. a3 Ba5 21. exd6 cxd6
22. Bxd6 Qh6 23. Bxe7 Nxe7 24. Bd3+ Kh8 25. Be4 Rab8 26. Ne3 Bb6 27. Ne5 f6 28.
N5g4 Qg7 29. d5 Bxg4 30. hxg4 Rgd8 31. Nf5 Nxf5 32. Bxf5 Qc7 33. Qd3 Rd6 34.
Re6 Rxe6 35. Bxe6 Qe5 36. Qg6 Bxf2+ 37. Kxf2 Qxb2+ 38. Kf3 Qc3+ 39. Ke2 Qe5+
40. Kd3 Qg3+ 41. Kc4 Qc7+ 42. Kb3 Qg3+ 43. Kb2 Qe5+ 44. Kc2 Qc7+ 45. Kd2 Qf4+
1/2-1/2

[Event "I Miedzynarodowy Memorial Ireny Warakoms"]
[Site "Suwalki"]
[Date "2017.08.11"]
[Round "1.8"]
[White "Mecelica, Erikas"]
[Black "Ossolinska, Matylda"]
[Result "1-0"]
[WhiteElo "1260"]
[BlackElo "1485"]
[PlyCount "91"]
[EventDate "2017.??.??"]

1. e4 e6 2. d4 d5 3. e5 c5 4. c3 Qb6 5. Nf3 Nc6 6. Bd3 cxd4 7. cxd4 Bd7 8. O-O
Nge7 9. Nbd2 Nxd4 10. Nxd4 Qxd4 11. Nf3 Qa4 12. b3 Qa5 13. Bd2 Qd8 14. Ng5 h6
15. Nh7 Nc6 16. Nxf8 Rxf8 17. Re1 Qh4 18. f4 O-O-O 19. g3 Qe7 20. a3 f5 21. b4
Qe8 22. b5 Ne7 23. a4 Kb8 24. Ba5 g5 25. Bxd8 Qxd8 26. Re2 Rg8 27. Rg2 Qb6+ 28.
Kf1 Qd4 29. Be2 Qb4 30. Rb1 Qa5 31. Qb3 Nc8 32. Qb4 Qb6 33. Rb3 Qd8 34. Qe1 Qe7
35. Qb4 Qg7 36. Bf3 Be8 37. a5 Qd7 38. Be2 Rh8 39. Kg1 Rg8 40. b6 axb6 41. axb6
Qa4 42. Qxa4 Bxa4 43. Rb4 Bc6 44. Bb5 Bxb5 45. Rxb5 g4 46. Rc2 1-0

[Event "I Miedzynarodowy Memorial Ireny Warakoms"]
[Site "Suwalki"]
[Date "2017.08.11"]
[Round "1.9"]
[White "Mucha, Marek"]
[Black "Sandomierski, Cyprian"]
[Result "1-0"]
[WhiteElo "1456"]
[BlackElo "1251"]
[PlyCount "51"]
[EventDate "2017.??.??"]

1. f4 Nc6 2. Nf3 g6 3. e4 Bg7 4. Bb5 Nf6 5. Nc3 d6 6. O-O O-O 7. d3 a6 8. Ba4
Na7 9. Qe1 Nd7 10. Be3 b6 11. Ng5 h6 12. Nf3 c5 13. a3 Bb7 14. Bb3 Qc7 15. Qg3
b5 16. f5 c4 17. Ba2 Ne5 18. d4 Nxf3+ 19. Rxf3 g5 20. h4 f6 21. d5 Kf7 22. Ne2
Bc8 23. Nd4 Bd7 24. Qg4 Rg8 25. Qh5+ Kf8 26. Ne6+ 1-0

[Event "I Miedzynarodowy Memorial Ireny Warakoms"]
[Site "Suwalki"]
[Date "2017.08.11"]
[Round "1.10"]
[White "Sikorski, Jan"]
[Black "Paszkowski, Krystian"]
[Result "0-1"]
[WhiteElo "1231"]
[BlackElo "1430"]
[PlyCount "46"]
[EventDate "2017.??.??"]

1. d4 Nf6 2. c4 c5 3. e3 g6 4. Nf3 Bg7 5. Nc3 O-O 6. Bd3 cxd4 7. exd4 d5 8. O-O
Nc6 9. Be3 Nb4 10. h3 Nxd3 11. Qxd3 Bf5 12. Qe2 dxc4 13. Qxc4 a6 14. Rfd1 Rc8
15. Qb4 b5 16. Ne5 Nd7 17. Nd5 Re8 18. Rac1 Rxc1 19. Rxc1 Nxe5 20. Qc5 Nd3 21.
Qc7 Nxc1 22. Nxe7+ Qxe7 23. Qxe7 Rxe7 0-1

[Event "I Miedzynarodowy Memorial Ireny Warakoms"]
[Site "Suwalki"]
[Date "2017.08.11"]
[Round "2.1"]
[White "Hancharevich, Heorhi"]
[Black "Zielinski, Konrad"]
[Result "0-1"]
[WhiteElo "1349"]
[BlackElo "1573"]
[PlyCount "62"]
[EventDate "2017.??.??"]

1. e4 b6 2. d4 Bb7 3. Nc3 e6 4. Nf3 Nf6 5. d5 Bb4 6. dxe6 fxe6 7. e5 Ne4 8. Bd2
Bxc3 9. Bxc3 Nxc3 10. bxc3 O-O 11. Be2 Na6 12. O-O Nc5 13. Qd4 Be4 14. Rac1 Rf4
15. Nd2 Qg5 16. Nxe4 Rxe4 17. Qd1 Rf8 18. g3 Qxe5 19. Bd3 Nxd3 20. cxd3 Re2 21.
Rc2 Rxc2 22. Qxc2 a5 23. Qd2 Rf3 24. d4 Qd5 25. Re1 Qc4 26. Re3 Rxe3 27. fxe3
Qb5 28. e4 Qb1+ 29. Kf2 Qxe4 30. c4 Qh1 31. h4 Qh2+ 0-1

[Event "I Miedzynarodowy Memorial Ireny Warakoms"]
[Site "Suwalki"]
[Date "2017.08.11"]
[Round "2.2"]
[White "Volkov, Aleksandr"]
[Black "Norek, Maciej"]
[Result "0-1"]
[WhiteElo "1560"]
[BlackElo "1326"]
[PlyCount "118"]
[EventDate "2017.??.??"]

1. e4 c5 2. Nf3 e6 3. Nc3 a6 4. d4 cxd4 5. Nxd4 Qc7 6. Be3 Nc6 7. a3 Nf6 8. Qf3
Ne5 9. Qg3 d6 10. Be2 Nc4 11. Bc1 b5 12. O-O Bb7 13. Bd3 Qb6 14. Nf3 g6 15. b3
Na5 16. Bb2 Bg7 17. e5 Nh5 18. Qh3 Nf4 19. Qg3 Nxd3 20. cxd3 Nxb3 21. exd6 Nxa1
22. d7+ Ke7 23. Bxa1 Bxc3 24. Bxc3 Rhg8 25. Bb4+ Kxd7 26. Ne5+ Ke8 27. Qg5 Qd8
28. Qh6 Qd5 29. Nf3 Qh5 30. Qf4 Bxf3 31. gxf3 Qd5 32. Qf6 Qd7 33. d4 Qd8 34.
Qe5 Ra7 35. Rd1 Rd7 36. Bc5 Rd5 37. Qe1 Rg5+ 38. Kf1 Qd5 39. Qc3 Kd7 40. Rc1
Rc8 41. Qe3 Rf5 42. Ke2 Qa2+ 43. Kf1 Qd5 44. Ke2 Rc6 45. f4 Qg2 46. Qg3 Qe4+
47. Qe3 Qxf4 48. Qxf4 Rxf4 49. Ke3 Rf5 50. f4 g5 51. Rg1 gxf4+ 52. Kf3 h5 53.
Rg7 a5 54. h4 b4 55. axb4 axb4 56. Bxb4 Rc1 57. Bc5 Rc3+ 58. Kf2 Rh3 59. Ba7
Rxh4 0-1

[Event "I Miedzynarodowy Memorial Ireny Warakoms"]
[Site "Suwalki"]
[Date "2017.08.11"]
[Round "2.3"]
[White "Waszkowska, Karolina"]
[Black "Sadlak, Rafal"]
[Result "0-1"]
[WhiteElo "1344"]
[BlackElo "1545"]
[PlyCount "46"]
[EventDate "2017.??.??"]

1. e4 e5 2. Nf3 Nc6 3. Bc4 Bc5 4. c3 Nf6 5. d4 exd4 6. e5 d5 7. Bb5 Ne4 8. cxd4
Bb4+ 9. Bd2 O-O 10. Bxb4 Nxb4 11. Qa4 c5 12. dxc5 a5 13. a3 Nxc5 14. Qd1 Nc6
15. h3 Qb6 16. Bxc6 Qxb2 17. Bxb7 Bxb7 18. Nbd2 Ba6 19. Qb1 Qc3 20. a4 Rab8 21.
Qa2 Nd3+ 22. Kd1 Nxf2+ 23. Ke1 Qe3# 0-1

[Event "I Miedzynarodowy Memorial Ireny Warakoms"]
[Site "Suwalki"]
[Date "2017.08.11"]
[Round "2.4"]
[White "Plichta, Krzysztof"]
[Black "Skrzypczynski, Dariusz"]
[Result "1-0"]
[WhiteElo "1519"]
[BlackElo "1275"]
[PlyCount "123"]
[EventDate "2017.??.??"]

1. e4 c5 2. Nc3 e6 3. f4 Nc6 4. Nf3 a6 5. g3 b5 6. Bg2 Rb8 7. O-O Bb7 8. d3 Qc7
9. f5 Nf6 10. Bf4 Bd6 11. fxe6 dxe6 12. Bg5 Nd7 13. Ne2 Nce5 14. Nxe5 Nxe5 15.
c3 Be7 16. Bxe7 Qxe7 17. Qc2 O-O 18. b3 Rbc8 19. Bh3 Rfd8 20. Rad1 a5 21. c4 b4
22. Rf2 Qg5 23. Nf4 Ng4 24. Re2 h5 25. Bxg4 Qxg4 26. Re3 Rd7 27. Rf1 Rcd8 28.
h3 Qg5 29. Rff3 f5 30. Nxe6 Qh6 31. Nxd8 Rxd8 32. exf5 Bxf3 33. Rxf3 Qf6 34.
Qe2 Qd4+ 35. Kg2 Kh7 36. Qe4 Qb2+ 37. Rf2 Qf6 38. Rd2 Rd4 39. Qe6 Qg5 40. Qg6+
Qxg6 41. fxg6+ Kxg6 42. Kf3 Kf5 43. Rf2 Ke6 44. Ke3 Rd8 45. Rf4 Ra8 46. d4
cxd4+ 47. Kxd4 a4 48. Kc5 axb3 49. axb3 Rb8 50. Re4+ Kf5 51. Rd4 g6 52. Rd5+
Ke4 53. Rd6 Rg8 54. Kxb4 Kf3 55. Rd3+ Ke4 56. Rc3 Kd4 57. Rf3 Rb8+ 58. Ka5 Ke5
59. b4 Ra8+ 60. Kb5 Rb8+ 61. Ka4 Kd4 62. Kb3 1-0

[Event "I Miedzynarodowy Memorial Ireny Warakoms"]
[Site "Suwalki"]
[Date "2017.08.11"]
[Round "2.5"]
[White "Backiel, Hubert"]
[Black "Mucha, Marek"]
[Result "1-0"]
[WhiteElo "1341"]
[BlackElo "1456"]
[PlyCount "68"]
[EventDate "2017.??.??"]

1. c4 e5 2. Nc3 f5 3. d3 Nf6 4. Nf3 Nc6 5. g3 Bc5 6. Bg2 O-O 7. O-O a6 8. a3
Qe8 9. b4 Bd4 10. Nxd4 Nxd4 11. e3 Nc6 12. Rb1 e4 13. dxe4 fxe4 14. Qc2 d6 15.
Nd5 Qf7 16. Nxf6+ Qxf6 17. Bxe4 h6 18. Bb2 Qe7 19. Rbc1 Bh3 20. Rfd1 Rae8 21.
Bh1 Bg4 22. Rd2 Nd8 23. c5 dxc5 24. Qxc5 c6 25. Qxe7 Rxe7 26. Rc4 h5 27. e4 Nf7
28. f4 g5 29. Bf6 Re6 30. fxg5 Ne5 31. Rcd4 Ng6 32. Rd7 Rexf6 33. gxf6 Rxf6 34.
Rxb7 Ne5 1-0

[Event "I Miedzynarodowy Memorial Ireny Warakoms"]
[Site "Suwalki"]
[Date "2017.08.11"]
[Round "2.6"]
[White "Paszkowski, Krystian"]
[Black "Mecelica, Erikas"]
[Result "1/2-1/2"]
[WhiteElo "1430"]
[BlackElo "1260"]
[PlyCount "50"]
[EventDate "2017.??.??"]

1. d4 d5 2. c4 c6 3. e3 Bf5 4. Nc3 e6 5. Nf3 Nf6 6. Qb3 Qb6 7. Qd1 Nbd7 8. c5
Qc7 9. Bd3 Bg6 10. O-O e5 11. Bc2 Be7 12. b4 Ng4 13. g3 e4 14. Nd2 Bh5 15. Qe1
f5 16. f3 Ngf6 17. f4 O-O 18. Bd1 Bxd1 19. Qxd1 b5 20. Bb2 Ng4 21. Qe2 a6 22.
h3 Nh6 23. Kh2 Nf6 24. a3 Kh8 25. Rg1 Qd7 1/2-1/2

[Event "I Miedzynarodowy Memorial Ireny Warakoms"]
[Site "Suwalki"]
[Date "2017.08.11"]
[Round "2.7"]
[White "Wielgus, Wojciech"]
[Black "Kutylo, Konrad"]
[Result "1-0"]
[WhiteElo "1324"]
[BlackElo "1419"]
[PlyCount "43"]
[EventDate "2017.??.??"]

1. e4 e6 2. d4 d5 3. Nd2 c5 4. c3 Nf6 5. e5 Nfd7 6. Bd3 Nc6 7. Ne2 Qb6 8. Nf3
Be7 9. O-O O-O 10. Bb1 f5 11. exf6 Nxf6 12. Ng5 h6 13. Nf3 Qc7 14. Nf4 Bd6 15.
Ng6 Re8 16. Re1 Ne7 17. Nge5 Nc6 18. Bg6 Rf8 19. h3 Ne7 20. Bb1 Nc6 21. Ng6 Re8
22. Nfe5 1-0

[Event "I Miedzynarodowy Memorial Ireny Warakoms"]
[Site "Suwalki"]
[Date "2017.08.11"]
[Round "2.8"]
[White "Sumiya, Tongon"]
[Black "Milewski, Mateusz"]
[Result "1/2-1/2"]
[WhiteElo "1413"]
[BlackElo "1178"]
[PlyCount "49"]
[EventDate "2017.??.??"]

1. e4 e6 2. Nf3 d5 3. e5 c5 4. Bb5+ Bd7 5. Bxd7+ Nxd7 6. O-O Ne7 7. c3 Nc6 8.
d4 Be7 9. Re1 O-O 10. Qd3 h6 11. b3 Qb6 12. Be3 cxd4 13. cxd4 Rac8 14. a3 a6
15. h3 Rc7 16. Rc1 Rfc8 17. Qd1 Na5 18. Rxc7 Rxc7 19. Nbd2 Rc3 20. b4 Nc4 21.
Nxc4 Rxc4 22. Nd2 Rc6 23. Nb3 Rc4 24. Na5 Rc7 25. Rb1 1/2-1/2

[Event "I Miedzynarodowy Memorial Ireny Warakoms"]
[Site "Suwalki"]
[Date "2017.08.11"]
[Round "2.9"]
[White "Podlewski, Michal"]
[Black "Sapinski, Sebastian"]
[Result "1/2-1/2"]
[WhiteElo "1309"]
[BlackElo "1386"]
[PlyCount "56"]
[EventDate "2017.??.??"]

1. d4 Nf6 2. Nf3 e6 3. Nbd2 d5 4. e3 c5 5. c3 Nc6 6. Bd3 Bd6 7. O-O O-O 8. Qe2
cxd4 9. exd4 Qc7 10. h3 Re8 11. Re1 b6 12. Nf1 Bb7 13. Bg5 Nd7 14. Rad1 e5 15.
dxe5 Ndxe5 16. Bb1 Nxf3+ 17. Qxf3 Ne5 18. Qf5 g6 19. Qc2 Nc4 20. Ne3 Nxe3 21.
Bxe3 Qc6 22. Bd4 Rxe1+ 23. Rxe1 Re8 24. Qd2 Qb5 25. Rxe8+ Qxe8 26. Bf5 Qe7 27.
Bg4 Bc7 28. Qe3 Qxe3 1/2-1/2

[Event "I Miedzynarodowy Memorial Ireny Warakoms"]
[Site "Suwalki"]
[Date "2017.08.11"]
[Round "2.10"]
[White "Dadello, Barbara"]
[Black "Plichta, Olga"]
[Result "1-0"]
[WhiteElo "1384"]
[BlackElo "1151"]
[PlyCount "79"]
[EventDate "2017.??.??"]

1. e4 c6 2. d4 d5 3. Nc3 dxe4 4. Nxe4 Bf5 5. Ng3 Bg6 6. h4 h5 7. Nf3 Nd7 8. Bd3
Bxd3 9. Qxd3 Ngf6 10. Bf4 g6 11. O-O Bg7 12. c4 e6 13. Rfe1 O-O 14. Rad1 a6 15.
Ng5 Qb6 16. Bd6 Rfd8 17. Nxe6 fxe6 18. c5 Qa7 19. Qxg6 Nf8 20. Bxf8 Rxf8 21.
Rxe6 b6 22. Nf5 Rf7 23. Nh6+ Kf8 24. Nxf7 Qxf7 25. Qxf7+ Kxf7 26. Rxc6 bxc5 27.
dxc5 Ng8 28. Rd7+ Kf8 29. b4 Bc3 30. a3 Nf6 31. Rdc7 Ne8 32. Rc8 Rxc8 33. Rxc8
Ke7 34. Rc6 Kd7 35. Rxa6 Nf6 36. b5 Ne4 37. c6+ Kc7 38. Ra7+ Kd6 39. Rd7+ Kc5
40. c7 1-0

[Event "I Miedzynarodowy Memorial Ireny Warakoms"]
[Site "Suwalki"]
[Date "2017.08.11"]
[Round "3.1"]
[White "Zielinski, Konrad"]
[Black "Olszewski, Pawel"]
[Result "1-0"]
[WhiteElo "1573"]
[BlackElo "1349"]
[PlyCount "97"]
[EventDate "2017.??.??"]

1. e4 e6 2. d4 d5 3. exd5 exd5 4. Bd3 Bd6 5. Qf3 Nf6 6. h3 Be6 7. Ne2 c6 8. Bf4
O-O 9. Nd2 a5 10. g4 Na6 11. g5 Ne8 12. c3 b5 13. h4 Qd7 14. h5 Bg4 15. Qg3
Bxe2 16. Bxe2 Bxf4 17. Qxf4 Qd6 18. Qf5 Qe6 19. Qxe6 fxe6 20. O-O Rf4 21. Nf3
Nd6 22. Ne5 Rc8 23. Bg4 Nf5 24. f3 c5 25. Nd3 Rxg4+ 26. fxg4 Nd6 27. Nxc5 Nxc5
28. dxc5 Rxc5 29. a4 bxa4 30. Rxa4 Rc4 31. Rxa5 Rxg4+ 32. Kh2 Nf5 33. g6 hxg6
34. hxg6 Rxg6 35. b4 d4 36. cxd4 Nxd4 37. Rf4 Rh6+ 38. Kg2 Rg6+ 39. Kf2 Rf6 40.
Rxf6 gxf6 41. b5 Kf7 42. b6 Nc6 43. b7 Ke7 44. Rc5 Nb8 45. Rc8 Na6 46. Ra8 Nc7
47. b8=Q Nxa8 48. Qxa8 e5 49. Ke3 1-0

[Event "I Miedzynarodowy Memorial Ireny Warakoms"]
[Site "Suwalki"]
[Date "2017.08.11"]
[Round "3.2"]
[White "Sadlak, Rafal"]
[Black "Backiel, Hubert"]
[Result "0-1"]
[WhiteElo "1545"]
[BlackElo "1341"]
[PlyCount "39"]
[EventDate "2017.??.??"]

1. e4 e5 2. Nf3 Nf6 3. Bc4 Nxe4 4. d4 d5 5. Bb3 exd4 6. Qxd4 Be6 7. Bf4 c5 8.
Ba4+ Nd7 9. Bxd7+ Qxd7 10. Qd3 Be7 11. Nbd2 Nxd2 12. Qxd2 O-O 13. O-O-O b5 14.
g4 d4 15. Ne5 Qd5 16. b3 a5 17. c4 bxc4 18. Nxc4 Qc6 19. a4 Bxc4 20. bxc4 0-1

[Event "I Miedzynarodowy Memorial Ireny Warakoms"]
[Site "Suwalki"]
[Date "2017.08.11"]
[Round "3.3"]
[White "Mykhaylyak, Wiktoria"]
[Black "Plichta, Krzysztof"]
[Result "0-1"]
[WhiteElo "1361"]
[BlackElo "1519"]
[PlyCount "38"]
[EventDate "2017.??.??"]

1. d4 d5 2. Nf3 Nf6 3. g3 Bf5 4. Nh4 Bg6 5. Bg2 e6 6. Nc3 c5 7. Nxg6 hxg6 8.
Bg5 Nc6 9. e3 cxd4 10. exd4 Qb6 11. O-O Qxd4 12. Qe2 Qe5 13. Qb5 O-O-O 14. h4
Nd4 15. Qa4 Bc5 16. b4 Bb6 17. Rae1 Nf3+ 18. Bxf3 Qxg3+ 19. Bg2 Ng4 0-1

[Event "I Miedzynarodowy Memorial Ireny Warakoms"]
[Site "Suwalki"]
[Date "2017.08.11"]
[Round "3.4"]
[White "Norek, Maciej"]
[Black "Dadello, Barbara"]
[Result "0-1"]
[WhiteElo "1326"]
[BlackElo "1348"]
[PlyCount "70"]
[EventDate "2017.??.??"]

1. e4 c5 2. Nf3 d6 3. d4 Nf6 4. Nc3 cxd4 5. Nxd4 a6 6. f3 e6 7. Be3 Be7 8. Qd2
b5 9. g4 Bb7 10. h4 Qc7 11. O-O-O Nc6 12. Nxc6 Bxc6 13. h5 Rc8 14. h6 g6 15. g5
Nd7 16. Bd4 Rg8 17. Bg2 Nb6 18. Bxb6 Qxb6 19. Rhe1 Qc5 20. f4 Bb7 21. Re2 b4
22. Na4 Qa5 23. b3 Bc6 24. a3 Rb8 25. axb4 Rxb4 26. Nc3 Bb5 27. Re3 Qa3+ 28.
Kb1 Bc4 29. Na2 Ra4 30. Qe1 Qxa2+ 31. Kc1 Qa1+ 32. Kd2 Qd4+ 33. Rd3 Bxd3 34.
cxd3 Ra2+ 35. Kc1 Qb2# 0-1

[Event "I Miedzynarodowy Memorial Ireny Warakoms"]
[Site "Suwalki"]
[Date "2017.08.11"]
[Round "3.5"]
[White "Zukowski, Pawel"]
[Black "Wielgus, Wojciech"]
[Result "0-1"]
[WhiteElo "1502"]
[BlackElo "1324"]
[PlyCount "66"]
[EventDate "2017.??.??"]

1. e4 e5 2. Nf3 Nc6 3. Bc4 Nf6 4. d3 Bc5 5. c3 a6 6. O-O Ba7 7. Bg5 h6 8. Bh4
d6 9. Bb3 O-O 10. Nbd2 Be6 11. Bc2 Re8 12. Re1 Qe7 13. Nf1 Rad8 14. Ne3 Qf8 15.
Bxf6 gxf6 16. Nd5 Bxd5 17. exd5 Ne7 18. c4 Qg7 19. d4 Kh8 20. dxe5 fxe5 21. Qd3
Rg8 22. Nh4 f5 23. g3 Rdf8 24. Rf1 f4 25. Kg2 Rf7 26. b4 Qg4 27. Kh1 Rfg7 28.
Ng2 h5 29. Bd1 Qh3 30. Ne1 e4 31. Qe2 f3 32. Nxf3 exf3 33. Qxf3 Qxf1# 0-1

[Event "I Miedzynarodowy Memorial Ireny Warakoms"]
[Site "Suwalki"]
[Date "2017.08.11"]
[Round "3.6"]
[White "Podlewski, Michal"]
[Black "Paszkowski, Krystian"]
[Result "1/2-1/2"]
[WhiteElo "1309"]
[BlackElo "1430"]
[PlyCount "95"]
[EventDate "2017.??.??"]

1. d4 Nf6 2. Nf3 g6 3. Nbd2 d5 4. e3 Bg7 5. Bd3 O-O 6. Qe2 Nc6 7. c3 Bg4 8. h3
Bxf3 9. Qxf3 e5 10. dxe5 Nxe5 11. Qe2 Re8 12. Bc2 Nfd7 13. O-O f5 14. Rd1 Nf6
15. Bb3 c6 16. Nf3 Qb6 17. c4 dxc4 18. Bxc4+ Nxc4 19. Qxc4+ Kh8 20. Ng5 h6 21.
Nf7+ Kh7 22. Qh4 Nd5 23. e4 fxe4 24. Bxh6 Kg8 25. Bxg7 Kxg7 26. Nd6 Re6 27.
Nxe4 Qb4 28. f3 Rae8 29. Qf2 a6 30. Qd4+ Qxd4+ 31. Rxd4 R8e7 32. Rad1 Ne3 33.
R1d2 Nd5 34. Kf2 Kh6 35. b4 b6 36. a4 Nf6 37. Nxf6 Rxf6 38. Rd6 Rxd6 39. Rxd6
Rc7 40. f4 Kg7 41. Kf3 a5 42. b5 cxb5 43. axb5 Rb7 44. Ke4 a4 45. Rd2 Re7+ 46.
Kf3 Ra7 47. Ra2 Ra5 48. Ra3 1/2-1/2

[Event "I Miedzynarodowy Memorial Ireny Warakoms"]
[Site "Suwalki"]
[Date "2017.08.11"]
[Round "3.7"]
[White "Mecelica, Erikas"]
[Black "Sumiya, Tongon"]
[Result "1-0"]
[WhiteElo "1260"]
[BlackElo "1413"]
[PlyCount "93"]
[EventDate "2017.??.??"]

1. e4 e5 2. Nf3 Nc6 3. Bc4 Na5 4. Bb3 Nxb3 5. axb3 Qf6 6. Nc3 c6 7. d3 h6 8.
Be3 c5 9. Nd5 Qd6 10. Nd2 b5 11. c4 b4 12. Ra5 Qc6 13. f4 Bd6 14. fxe5 Bxe5 15.
Rxc5 Qg6 16. Qf3 Nf6 17. d4 Nxd5 18. Rxd5 Bc7 19. Rc5 Bb6 20. Rb5 O-O 21. O-O
a5 22. Qg3 Qxg3 23. hxg3 Bc7 24. Ra1 Re8 25. Rxb4 Bxg3 26. Rba4 Bb7 27. d5 Be5
28. Rxa5 Rxa5 29. Rxa5 Bxb2 30. Ra7 Bc8 31. Kf2 Bc3 32. Ra8 f6 33. Ke2 d6 34.
Kd3 Be5 35. b4 f5 36. b5 Kf7 37. b6 f4 38. Bd4 Bxd4 39. Kxd4 g5 40. Ra7+ Re7
41. Rxe7+ Kxe7 42. e5 dxe5+ 43. Kxe5 Kd8 44. c5 Ba6 45. c6 Kc8 46. d6 Kd8 47.
b7 1-0

[Event "I Miedzynarodowy Memorial Ireny Warakoms"]
[Site "Suwalki"]
[Date "2017.08.11"]
[Round "3.8"]
[White "Sapinski, Sebastian"]
[Black "Gladyszewski, Adam"]
[Result "1-0"]
[WhiteElo "1386"]
[BlackElo "1060"]
[PlyCount "108"]
[EventDate "2017.??.??"]

1. e4 c5 2. Nf3 d6 3. d4 cxd4 4. Nxd4 Nc6 5. Be3 Nf6 6. Nc3 a6 7. Be2 Bd7 8. h3
e6 9. O-O Be7 10. f4 O-O 11. Nb3 b5 12. Bf3 Rc8 13. a4 b4 14. Ne2 a5 15. c4 Qc7
16. Nd2 h6 17. b3 Nh7 18. Rc1 Bf6 19. Qe1 Rcd8 20. Qf2 Rb8 21. g4 Qd8 22. Qg2
e5 23. f5 Bg5 24. Qf2 Bxe3 25. Qxe3 Ng5 26. Bg2 Qb6 27. Qxb6 Rxb6 28. Nb1 f6
29. Rfd1 Nb8 30. Rd5 Na6 31. Rcd1 Nf7 32. Ng3 Nc5 33. Rxc5 dxc5 34. Rxd7 Rd8
35. Rd5 Rxd5 36. exd5 Nd6 37. Ne4 Kf7 38. Nbd2 g6 39. Nxd6+ Rxd6 40. Ne4 Rd8
41. Nxc5 gxf5 42. gxf5 Rg8 43. Kf2 Ke7 44. Ne4 Rd8 45. Bf3 Rh8 46. c5 Rf8 47.
c6 Rd8 48. d6+ Rxd6 49. Nxd6 Kxd6 50. Kg3 Ke7 51. Kh4 Kd6 52. Kh5 Ke7 53. Kxh6
Kd6 54. Kg7 Ke7 1-0